Central Library OPAC University of Rajshahi

Systems and theories in psychology / (Record no. 29424)

MARC details
000 -LEADER
fixed length control field 00750nam a2200253 a 4500
001 - CONTROL NUMBER
control field 29424
003 - CONTROL NUMBER IDENTIFIER
rucl marc code BD-RjUL
005 - DATE AND TIME OF LATEST TRANSACTION
control field 20211209051418.0
008 - FIXED-LENGTH DATA ELEMENTS--GENERAL INFORMATION
fixed length control field 140403s1963 nyu b 000 0 eng
035 ## - SYSTEM CONTROL NUMBER
System control number (BD-RjUL)29509
040 ## - CATALOGING SOURCE
Original cataloging agency DLC
Transcribing agency DLC
Modifying agency BD-RjUL
Language of cataloging eng
041 ## - LANGUAGE CODE
Language code of text/sound track or separate title eng
082 ## - DEWEY DECIMAL CLASSIFICATION NUMBER
Classification number 150.19
Author mark and year MAS 1963
100 1# - MAIN ENTRY--PERSONAL NAME
Personal name Marx, Melvin Herman.
9 (RLIN) 89292
245 10 - TITLE STATEMENT
Title Systems and theories in psychology /
Statement of responsibility, etc. by Melvin H. Marx and William A. Hillix
260 ## - PUBLICATION, DISTRIBUTION, ETC. (IMPRINT)
Place of publication, distribution, etc. New York :
Name of publisher, distributor, etc. McGraw-Hill,
Date of publication, distribution, etc. 1963
300 ## - PHYSICAL DESCRIPTION
Pagination 489 p. :
Size 24 cm
504 ## - BIBLIOGRAPHY, ETC. NOTE
Bibliography, etc Includes bibliography
650 #0 - SUBJECT ADDED ENTRY--TOPICAL TERM
Topical term or geographic name as entry element Psychology
9 (RLIN) 89716
700 1# - ADDED ENTRY--PERSONAL NAME
Personal name Hillix, William Allen,
Dates associated with a name 1929-
830 #0 - SERIES ADDED ENTRY--UNIFORM TITLE
Uniform title McGraw-Hill series in psychology
942 ## - ADDED ENTRY ELEMENTS (KOHA)
Source of classification or shelving scheme Dewey Decimal Classification
Koha item type Books
Holdings
Lost status Source of classification or shelving scheme Damaged status Not for loan Collection code Permanent Location Current Location Shelving location Date acquired Source of acquisition Cost, normal purchase price Total Checkouts Full call number Date last seen Copy number Koha item type
  Dewey Decimal Classification     Non-fiction Central Library, University of Rajshahi Central Library, University of Rajshahi   22/01/1970 zeithinger 0.88   150.19 MAS 1963 03/04/2014 C-2 Books